00269 a2200109 4500001000700000020000600007040001100013100002100024240005500045245005000100362000900150169255 a  cMagnum aKamii, Constance10aO conhecimento fisico na educacao pre-escolarlpor10aO conhecimento fisico na educacao pre-escolar0 a1899